| 000 | 00564nam a2200145Ia 4500 | ||
|---|---|---|---|
| 008 | 220204s9999 xx 000 0 und d | ||
| 020 | _a9783639248340 | ||
| 082 |
_aNR:62:678.023 _bRED |
||
| 100 | _aReddy, Hemanjaneya B | ||
| 245 | 0 | _aInterfacial fracture response of rubber composites : Fracture response due to presence of the so-called belt cracks at the interface between rubber matrix and steel belts in radial tyres | |
| 260 |
_aGermany _bVDM Verlag Dr.Muller Aktiengesellschaft & Co. K G |
||
| 650 | _aFracture mechanics | ||
| 650 | _aTyres | ||
| 942 | _cBK | ||
| 999 |
_c43122 _d43122 |
||